005270000a22001210004500090001700000245014300017246014300160041001400303100002300317942001300340773003500353999001700388 aASbSeriadas10aPrimeros informes de anidación con notas ecológicas de Capito quinticolor y C. squamatus (aves: Capitonidae) del Pacífico colombiano3 aFirst report of nesting with ecological notes of Capito quinticolor and C. squamatus (aves: Capitonidae) from the colombian Pacific region0 aEspañol1 aStrewe, Ralf95322 cARTICULO1 tCaldasiah1q221-224d2002g24 c15395d15395